[Event "DEM U12w 2025"]
[Site "Willingen GER"]
[Date "2025.06.12"]
[Round "7"]
[White "Subocz, Emma"]
[Black "Zietz, Leni"]
[Result "1-0"]
[Termination "normal"]
[Board "19"]
[WhiteElo "1270"]
[BlackElo "1113"]
[WhiteClock "00:23:08"]
[BlackClock "00:17:52"]
[PlyCount "87"]
[WhiteFideId "41805666"]
[BlackFideId "533025886"]
[EventCountry "GER"]
[EventRounds "9"]
[EventType "swiss"]
[EventDate "2025.06.07"]

1. e4 {[%clk 01:30:58]} {[%emt 00:00:01]} c5 {[%clk 01:30:54]} {[%emt
00:00:06]} 2. Nf3 {[%clk 01:31:23]} {[%emt 00:00:06]} d6 {[%clk 01:31:15]}
{[%emt 00:00:09]} 3. d4 {[%clk 01:31:41]} {[%emt 00:00:11]} cxd4 {[%clk
01:31:38]} {[%emt 00:00:07]} 4. Nxd4 {[%clk 01:32:06]} {[%emt 00:00:06]} Nc6
{[%clk 01:31:46]} {[%emt 00:00:21]} 5. Nc3 {[%clk 01:32:23]} {[%emt 00:00:12]}
Nf6 {[%clk 01:31:55]} {[%emt 00:00:21]} 6. f3 {[%clk 01:31:27]} {[%emt
00:01:27]} g6 {[%clk 01:31:32]} {[%emt 00:00:52]} 7. Be3 {[%clk 01:31:19]}
{[%emt 00:00:37]} Bg7 {[%clk 01:31:32]} {[%emt 00:00:31]} 8. Qd2 {[%clk
01:30:59]} {[%emt 00:00:50]} O-O {[%clk 01:31:25]} {[%emt 00:00:37]} 9. Bc4
{[%clk 01:30:29]} {[%emt 00:01:00]} Bd7 {[%clk 01:31:09]} {[%emt 00:00:46]} 10.
Bb3 {[%clk 01:30:30]} {[%emt 00:00:30]} a6 {[%clk 01:30:20]} {[%emt 00:01:19]}
11. O-O-O {[%clk 01:29:48]} {[%emt 00:01:11]} b5 {[%clk 01:29:26]} {[%emt
00:01:24]} 12. h4 {[%clk 01:25:55]} {[%emt 00:04:23]} h5 {[%clk 01:29:28]}
{[%emt 00:00:28]} 13. Kb1 {[%clk 01:23:23]} {[%emt 00:03:02]} b4 {[%clk
01:26:32]} {[%emt 00:03:26]} 14. Na4 {[%clk 01:23:14]} {[%emt 00:00:37]} Rb8
{[%clk 01:25:55]} {[%emt 00:01:09]} 15. Bf2 {[%clk 01:08:45]} {[%emt 00:14:59]}
Nxd4 {[%clk 01:24:04]} {[%emt 00:02:21]} 16. Bxd4 {[%clk 01:08:12]} {[%emt
00:01:03]} Qa5 {[%clk 01:23:18]} {[%emt 00:01:16]} 17. Nb6 {[%clk 01:02:55]}
{[%emt 00:05:47]} Rxb6 {[%clk 01:20:13]} {[%emt 00:03:35]} 18. Bxb6 {[%clk
01:03:14]} {[%emt 00:00:11]} Qxb6 {[%clk 01:20:33]} {[%emt 00:00:10]} 19. Qd3
{[%clk 01:00:07]} {[%emt 00:03:37]} Qf2 {[%clk 01:19:31]} {[%emt 00:01:32]} 20.
Rd2 {[%clk 00:59:09]} {[%emt 00:01:29]} Qb6 {[%clk 01:18:22]} {[%emt 00:01:16]}
21. Bc4 {[%clk 00:55:40]} {[%emt 00:04:21]} a5 {[%clk 01:17:49]} {[%emt
00:01:04]} 22. a3 {[%clk 00:54:56]} {[%emt 00:01:14]} Qc5 {[%clk 01:13:45]}
{[%emt 00:04:31]} 23. axb4 {[%clk 00:54:20]} {[%emt 00:01:10]} Qxb4 {[%clk
01:13:33]} {[%emt 00:00:42]} 24. Qc3 {[%clk 00:52:05]} {[%emt 00:02:41]} Qb6
{[%clk 01:10:34]} {[%emt 00:03:28]} 25. Qa3 {[%clk 00:48:48]} {[%emt 00:03:50]}
Rc8 {[%clk 01:06:42]} {[%emt 00:04:19]} 26. Bb3 {[%clk 00:48:02]} {[%emt
00:01:20]} a4 {[%clk 01:00:45]} {[%emt 00:06:28]} 27. Ba2 {[%clk 00:47:18]}
{[%emt 00:01:13]} Kh7 {[%clk 00:46:16]} {[%emt 00:14:59]} 28. Bxf7 {[%clk
00:46:10]} {[%emt 00:01:38]} Rc5 {[%clk 00:43:44]} {[%emt 00:03:00]} 29. Rhd1
{[%clk 00:44:43]} {[%emt 00:01:48]} Rc3 {[%clk 00:37:32]} {[%emt 00:06:52]} 30.
Qxc3 {[%clk 00:43:55]} {[%emt 00:01:18]} Nxe4 {[%clk 00:37:39]} {[%emt
00:00:24]} 31. Qa3 {[%clk 00:43:47]} {[%emt 00:00:38]} Nxd2+ {[%clk 00:37:11]}
{[%emt 00:00:59]} 32. Rxd2 {[%clk 00:43:53]} {[%emt 00:00:24]} Qg1+ {[%clk
00:35:42]} {[%emt 00:01:58]} 33. Ka2 {[%clk 00:43:55]} {[%emt 00:00:28]} Bh6
{[%clk 00:35:32]} {[%emt 00:00:40]} 34. Re2 {[%clk 00:43:15]} {[%emt 00:01:10]}
Bf5 {[%clk 00:31:46]} {[%emt 00:04:16]} 35. Rxe7 {[%clk 00:42:58]} {[%emt
00:00:47]} Bf8 {[%clk 00:29:12]} {[%emt 00:03:04]} 36. Re2 {[%clk 00:38:45]}
{[%emt 00:04:44]} Qd4 {[%clk 00:27:53]} {[%emt 00:01:48]} 37. Qc3 {[%clk
00:31:07]} {[%emt 00:08:09]} Qxh4 {[%clk 00:26:07]} {[%emt 00:02:16]} 38. Re8
{[%clk 00:30:13]} {[%emt 00:01:23]} Bg7 {[%clk 00:25:54]} {[%emt 00:00:42]} 39.
Qc7 {[%clk 00:28:54]} {[%emt 00:01:49]} Qf6 {[%clk 00:25:06]} {[%emt 00:01:17]}
40. c3 {[%clk 00:27:01]} {[%emt 00:02:25]} d5 {[%clk 00:21:36]} {[%emt
00:04:00]} 41. Bxd5 {[%clk 00:24:30]} {[%emt 00:03:00]} Qg5 {[%clk 00:21:21]}
{[%emt 00:00:45]} 42. Re7 {[%clk 00:23:00]} {[%emt 00:01:59]} Qf6 {[%clk
00:21:01]} {[%emt 00:00:51]} 43. Rf7 {[%clk 00:23:00]} {[%emt 00:00:30]} Be6
{[%clk 00:17:52]} {[%emt 00:03:40]} 44. Rxf6 {[%clk 00:23:08]} {[%emt
00:00:22]} 1-0

[Event "DEM U12w 2025"]
[Site "Willingen GER"]
[Date "2025.06.12"]
[Round "7"]
[White "Tadic, Lena"]
[Black "Ulianova, Anna"]
[Result "1-0"]
[Termination "normal"]
[Board "20"]
[WhiteElo "1174"]
[BlackElo "1440"]
[WhiteClock "00:54:06"]
[BlackClock "00:17:18"]
[PlyCount "99"]
[WhiteFideId "34687300"]
[BlackFideId "34682660"]
[EventCountry "GER"]
[EventRounds "9"]
[EventType "swiss"]
[EventDate "2025.06.07"]

1. e4 {[%clk 01:30:58]} {[%emt 00:00:02]} e5 {[%clk 01:30:54]} {[%emt
00:00:07]} 2. Nf3 {[%clk 01:31:17]} {[%emt 00:00:10]} Nc6 {[%clk 01:31:20]}
{[%emt 00:00:05]} 3. Nc3 {[%clk 01:31:28]} {[%emt 00:00:17]} Nf6 {[%clk
01:31:45]} {[%emt 00:00:07]} 4. d4 {[%clk 01:31:48]} {[%emt 00:00:10]} exd4
{[%clk 01:31:41]} {[%emt 00:00:35]} 5. Nxd4 {[%clk 01:32:10]} {[%emt 00:00:07]}
Bb4 {[%clk 01:32:05]} {[%emt 00:00:07]} 6. Nxc6 {[%clk 01:32:23]} {[%emt
00:00:16]} bxc6 {[%clk 01:32:09]} {[%emt 00:00:27]} 7. Bd3 {[%clk 01:32:26]}
{[%emt 00:00:26]} d5 {[%clk 01:31:02]} {[%emt 00:01:38]} 8. exd5 {[%clk
01:32:04]} {[%emt 00:00:52]} cxd5 {[%clk 01:29:30]} {[%emt 00:02:02]} 9. O-O
{[%clk 01:31:51]} {[%emt 00:00:42]} O-O {[%clk 01:27:40]} {[%emt 00:02:20]} 10.
Bg5 {[%clk 01:30:39]} {[%emt 00:01:42]} c6 {[%clk 01:27:12]} {[%emt 00:00:58]}
11. a3 {[%clk 01:30:04]} {[%emt 00:01:05]} Bc5 {[%clk 01:26:20]} {[%emt
00:01:22]} 12. h3 {[%clk 01:28:31]} {[%emt 00:02:03]} Qd6 {[%clk 01:18:32]}
{[%emt 00:08:18]} 13. Qf3 {[%clk 01:23:53]} {[%emt 00:05:04]} h6 {[%clk
01:11:09]} {[%emt 00:07:58]} 14. Bxf6 {[%clk 01:21:36]} {[%emt 00:02:46]} Qxf6
{[%clk 01:10:25]} {[%emt 00:01:14]} 15. Qxf6 {[%clk 01:21:55]} {[%emt
00:00:11]} gxf6 {[%clk 01:10:50]} {[%emt 00:00:05]} 16. Rfe1 {[%clk 01:20:18]}
{[%emt 00:02:06]} Rb8 {[%clk 01:00:45]} {[%emt 00:10:37]} 17. Rab1 {[%clk
01:16:58]} {[%emt 00:03:49]} Bd4 {[%clk 00:48:51]} {[%emt 00:12:24]} 18. Na4
{[%clk 01:15:16]} {[%emt 00:02:12]} Kh8 {[%clk 00:40:33]} {[%emt 00:08:47]} 19.
Re7 {[%clk 01:11:46]} {[%emt 00:04:00]} Rg8 {[%clk 00:31:12]} {[%emt 00:09:53]}
20. Rxf7 {[%clk 01:11:04]} {[%emt 00:01:12]} Rg7 {[%clk 00:24:54]} {[%emt
00:06:47]} 21. Rf8+ {[%clk 01:07:33]} {[%emt 00:03:58]} Rg8 {[%clk 00:25:15]}
{[%emt 00:00:13]} 22. Rxg8+ {[%clk 01:07:56]} {[%emt 00:00:06]} Kxg8 {[%emt
00:00:35]} 23. c3 {[%clk 01:05:52]} {[%emt 00:02:02]} Be5 {[%clk 00:22:38]}
{[%emt 00:03:34]} 24. Kf1 {[%clk 01:01:51]} {[%emt 00:04:29]} d4 {[%clk
00:18:46]} {[%emt 00:04:25]} 25. Be4 {[%clk 00:58:55]} {[%emt 00:03:25]} Ba6+
{[%clk 00:17:36]} {[%emt 00:01:39]} 26. Kg1 {[%clk 00:56:26]} {[%emt 00:03:00]}
dxc3 {[%clk 00:13:42]} {[%emt 00:04:25]} 27. Nxc3 {[%clk 00:53:12]} {[%emt
00:03:44]} Bxc3 {[%clk 00:11:35]} {[%emt 00:02:37]} 28. bxc3 {[%clk 00:53:21]}
{[%emt 00:00:21]} Rxb1+ {[%clk 00:12:01]} {[%emt 00:00:04]} 29. Bxb1 {[%clk
00:53:41]} {[%emt 00:00:09]} Kf7 {[%clk 00:12:25]} {[%emt 00:00:06]} 30. f3
{[%clk 00:53:48]} {[%emt 00:00:23]} Ke6 {[%clk 00:12:43]} {[%emt 00:00:12]} 31.
Kf2 {[%clk 00:53:41]} {[%emt 00:00:36]} Kd5 {[%clk 00:13:05]} {[%emt 00:00:09]}
32. Ke3 {[%clk 00:53:13]} {[%emt 00:00:57]} Kc4 {[%clk 00:12:25]} {[%emt
00:01:11]} 33. Bd3+ {[%clk 00:53:35]} {[%emt 00:00:08]} Kb3 {[%clk 00:12:45]}
{[%emt 00:00:11]} 34. Bxa6 {[%clk 00:53:57]} {[%emt 00:00:08]} Kxc3 {[%clk
00:13:04]} {[%emt 00:00:10]} 35. Kf4 {[%clk 00:52:29]} {[%emt 00:01:57]} c5
{[%clk 00:13:18]} {[%emt 00:00:17]} 36. Kf5 {[%clk 00:52:30]} {[%emt 00:00:28]}
Kb3 {[%clk 00:13:36]} {[%emt 00:00:12]} 37. Kxf6 {[%clk 00:52:48]} {[%emt
00:00:12]} c4 {[%clk 00:14:02]} {[%emt 00:00:05]} 38. Kg6 {[%clk 00:52:12]}
{[%emt 00:01:05]} c3 {[%clk 00:14:27]} {[%emt 00:00:04]} 39. Bd3 {[%clk
00:52:33]} {[%emt 00:00:09]} a5 {[%clk 00:14:46]} {[%emt 00:00:13]} 40. f4
{[%clk 00:52:51]} {[%emt 00:00:11]} Kxa3 {[%clk 00:15:12]} {[%emt 00:00:04]}
41. f5 {[%clk 00:53:11]} {[%emt 00:00:10]} Kb2 {[%clk 00:14:38]} {[%emt
00:01:05]} 42. f6 {[%clk 00:53:23]} {[%emt 00:00:17]} a4 {[%clk 00:15:05]}
{[%emt 00:00:04]} 43. f7 {[%clk 00:53:18]} {[%emt 00:00:35]} a3 {[%clk
00:15:31]} {[%emt 00:00:04]} 44. f8=Q {[%clk 00:53:23]} {[%emt 00:00:24]} a2
{[%clk 00:15:57]} {[%emt 00:00:04]} 45. Qb4+ {[%clk 00:53:14]} {[%emt
00:00:38]} Kc1 {[%clk 00:15:54]} {[%emt 00:00:34]} 46. Qa3+ {[%clk 00:52:41]}
{[%emt 00:01:03]} Kd2 {[%clk 00:16:13]} {[%emt 00:00:10]} 47. Qxa2+ {[%clk
00:53:03]} {[%emt 00:00:10]} Kxd3 {[%clk 00:16:35]} {[%emt 00:00:08]} 48. Qb3
{[%clk 00:53:23]} {[%emt 00:00:09]} Kd2 {[%clk 00:16:58]} {[%emt 00:00:07]} 49.
Qxc3+ {[%clk 00:53:45]} {[%emt 00:00:08]} Kxc3 {[%clk 00:17:18]} {[%emt
00:00:11]} 50. Kxh6 {[%clk 00:54:06]} {[%emt 00:00:08]} 1-0

[Event "DEM U12w 2025"]
[Site "Willingen GER"]
[Date "2025.06.12"]
[Round "7"]
[White "Kühn, Nicole"]
[Black "Lüken, Juliane"]
[Result "1-0"]
[Termination "normal"]
[Board "21"]
[WhiteElo "1596"]
[BlackElo "987"]
[WhiteClock "00:50:55"]
[BlackClock "00:46:02"]
[PlyCount "61"]
[WhiteFideId "34610510"]
[BlackFideId "533043485"]
[EventCountry "GER"]
[EventRounds "9"]
[EventType "swiss"]
[EventDate "2025.06.07"]

1. e4 {[%clk 01:30:43]} {[%emt 00:00:16]} e5 {[%clk 01:30:53]} {[%emt
00:00:07]} 2. Nf3 {[%clk 01:30:57]} {[%emt 00:00:17]} Nc6 {[%clk 01:31:12]}
{[%emt 00:00:10]} 3. Bc4 {[%clk 01:31:00]} {[%emt 00:00:28]} Bc5 {[%clk
01:31:12]} {[%emt 00:00:30]} 4. c3 {[%clk 01:31:02]} {[%emt 00:00:28]} d6
{[%clk 01:30:56]} {[%emt 00:00:45]} 5. a4 {[%clk 01:29:40]} {[%emt 00:01:53]}
a6 {[%clk 01:31:04]} {[%emt 00:00:22]} 6. d4 {[%clk 01:28:40]} {[%emt
00:01:29]} exd4 {[%clk 01:31:09]} {[%emt 00:00:25]} 7. cxd4 {[%clk 01:28:37]}
{[%emt 00:00:34]} Bb4+ {[%clk 01:31:28]} {[%emt 00:00:10]} 8. Bd2 {[%clk
01:27:27]} {[%emt 00:01:40]} Bxd2+ {[%clk 01:31:20]} {[%emt 00:00:39]} 9. Qxd2
{[%clk 01:21:40]} {[%emt 00:06:16]} Bg4 {[%clk 01:27:27]} {[%emt 00:04:22]} 10.
Qf4 {[%clk 01:17:21]} {[%emt 00:04:50]} Be6 {[%clk 01:25:40]} {[%emt 00:02:07]}
11. d5 {[%clk 01:15:19]} {[%emt 00:02:43]} Nb4 {[%clk 01:25:16]} {[%emt
00:00:45]} 12. dxe6 {[%clk 01:14:45]} {[%emt 00:01:13]} f6 {[%clk 01:25:18]}
{[%emt 00:00:28]} 13. Qd2 {[%clk 01:13:32]} {[%emt 00:01:43]} c5 {[%clk
01:25:24]} {[%emt 00:00:20]} 14. Nc3 {[%clk 01:11:14]} {[%emt 00:02:52]} Nh6
{[%clk 01:22:03]} {[%emt 00:03:50]} 15. h3 {[%clk 01:09:40]} {[%emt 00:02:04]}
a5 {[%clk 01:18:58]} {[%emt 00:03:35]} 16. Nd5 {[%clk 01:06:50]} {[%emt
00:03:20]} Nc6 {[%clk 01:15:23]} {[%emt 00:03:58]} 17. Bb5 {[%clk 01:04:53]}
{[%emt 00:02:35]} f5 {[%clk 01:08:21]} {[%emt 00:07:32]} 18. e7 {[%clk
01:02:55]} {[%emt 00:02:28]} Qb8 {[%clk 01:06:10]} {[%emt 00:02:38]} 19. exf5
{[%clk 00:57:09]} {[%emt 00:06:18]} Nxf5 {[%clk 01:05:51]} {[%emt 00:00:47]}
20. Qg5 {[%clk 00:55:52]} {[%emt 00:01:49]} Qc8 {[%clk 01:02:56]} {[%emt
00:03:08]} 21. O-O {[%clk 00:55:17]} {[%emt 00:01:21]} Qd7 {[%clk 00:52:03]}
{[%emt 00:11:16]} 22. Nb6 {[%clk 00:54:11]} {[%emt 00:01:44]} h6 {[%clk
00:50:59]} {[%emt 00:01:34]} 23. Qg6+ {[%clk 00:53:46]} {[%emt 00:00:54]} Kxe7
{[%clk 00:50:59]} {[%emt 00:00:29]} 24. Nxd7 {[%clk 00:53:53]} {[%emt
00:00:24]} Kxd7 {[%clk 00:50:29]} {[%emt 00:01:01]} 25. Qxf5+ {[%clk 00:53:56]}
{[%emt 00:00:27]} Kc7 {[%clk 00:50:31]} {[%emt 00:00:28]} 26. Qf7+ {[%clk
00:53:45]} {[%emt 00:00:42]} Kb6 {[%clk 00:49:55]} {[%emt 00:01:05]} 27. Rfe1
{[%clk 00:51:54]} {[%emt 00:02:21]} Ne5 {[%clk 00:47:19]} {[%emt 00:03:02]} 28.
Nxe5 {[%clk 00:51:32]} {[%emt 00:00:57]} dxe5 {[%clk 00:47:19]} {[%emt
00:00:30]} 29. Rxe5 {[%clk 00:51:38]} {[%emt 00:00:24]} Rad8 {[%clk 00:46:09]}
{[%emt 00:01:39]} 30. Re7 {[%clk 00:51:01]} {[%emt 00:01:07]} Rb8 {[%clk
00:46:02]} {[%emt 00:00:36]} 31. Qe6+ {[%clk 00:50:55]} {[%emt 00:00:37]} 1-0

[Event "DEM U12w 2025"]
[Site "Willingen GER"]
[Date "2025.06.12"]
[Round "7"]
[White "Ebel, Io Cornelia"]
[Black "Jänsch, Layla"]
[Result "0-1"]
[Termination "normal"]
[Board "22"]
[WhiteElo "982"]
[BlackElo "1095"]
[WhiteClock "00:12:59"]
[BlackClock "00:13:36"]
[PlyCount "100"]
[WhiteFideId "533043469"]
[BlackFideId "533043477"]
[EventCountry "GER"]
[EventRounds "9"]
[EventType "swiss"]
[EventDate "2025.06.07"]

1. e4 {[%clk 01:30:58]} {[%emt 00:00:01]} e5 {[%clk 01:30:56]} {[%emt
00:00:05]} 2. Nf3 {[%clk 01:31:19]} {[%emt 00:00:08]} Nc6 {[%clk 01:31:20]}
{[%emt 00:00:05]} 3. d4 {[%clk 01:31:33]} {[%emt 00:00:17]} Nf6 {[%clk
01:22:45]} {[%emt 00:09:05]} 4. Nc3 {[%clk 01:29:37]} {[%emt 00:02:26]} d5
{[%clk 01:03:56]} {[%emt 00:19:20]} 5. dxe5 {[%clk 01:20:20]} {[%emt 00:09:46]}
dxe4 {[%clk 00:59:56]} {[%emt 00:04:31]} 6. Qxd8+ {[%clk 01:18:30]} {[%emt
00:02:20]} Nxd8 {[%clk 00:59:50]} {[%emt 00:00:36]} 7. exf6 {[%clk 01:15:23]}
{[%emt 00:03:36]} exf3 {[%clk 00:59:56]} {[%emt 00:00:24]} 8. fxg7 {[%clk
01:11:03]} {[%emt 00:04:50]} Bxg7 {[%clk 00:59:25]} {[%emt 00:01:01]} 9. gxf3
{[%clk 01:03:55]} {[%emt 00:07:39]} Bf5 {[%clk 00:56:50]} {[%emt 00:02:54]} 10.
Nd5 {[%clk 00:58:00]} {[%emt 00:06:28]} Ne6 {[%clk 00:55:27]} {[%emt 00:02:00]}
11. c3 {[%clk 00:52:15]} {[%emt 00:06:12]} Rd8 {[%clk 00:46:14]} {[%emt
00:09:47]} 12. Bc4 {[%clk 00:45:33]} {[%emt 00:07:07]} c6 {[%clk 00:42:32]}
{[%emt 00:04:16]} 13. Nf4 {[%clk 00:43:20]} {[%emt 00:02:35]} Ng5 {[%clk
00:39:41]} {[%emt 00:03:27]} 14. Ke2 {[%clk 00:40:15]} {[%emt 00:03:28]} h6
{[%clk 00:33:52]} {[%emt 00:06:26]} 15. Be3 {[%clk 00:37:40]} {[%emt 00:03:03]}
b5 {[%clk 00:32:12]} {[%emt 00:02:09]} 16. Nh5 {[%clk 00:34:02]} {[%emt
00:04:07]} Be5 {[%clk 00:25:58]} {[%emt 00:06:38]} 17. Rad1 {[%clk 00:29:26]}
{[%emt 00:05:12]} bxc4 {[%clk 00:21:48]} {[%emt 00:04:46]} 18. Rxd8+ {[%clk
00:27:52]} {[%emt 00:02:03]} Kxd8 {[%clk 00:21:45]} {[%emt 00:00:34]} 19. h3
{[%clk 00:22:17]} {[%emt 00:06:04]} Ne6 {[%clk 00:17:31]} {[%emt 00:04:40]} 20.
f4 {[%clk 00:21:11]} {[%emt 00:01:37]} Bb8 {[%clk 00:16:59]} {[%emt 00:01:02]}
21. Rd1+ {[%clk 00:19:56]} {[%emt 00:01:48]} Kc8 {[%clk 00:16:27]} {[%emt
00:01:02]} 22. Ng3 {[%clk 00:17:40]} {[%emt 00:02:46]} Bc2 {[%clk 00:14:58]}
{[%emt 00:01:59]} 23. Rd2 {[%clk 00:16:09]} {[%emt 00:02:00]} Ba4 {[%clk
00:14:23]} {[%emt 00:01:00]} 24. f5 {[%clk 00:14:30]} {[%emt 00:02:14]} Nf4+
{[%clk 00:12:51]} {[%emt 00:02:03]} 25. Bxf4 {[%clk 00:13:58]} {[%emt
00:01:02]} Bxf4 {[%clk 00:12:27]} {[%emt 00:00:54]} 26. Rd4 {[%clk 00:13:45]}
{[%emt 00:00:40]} Be5 {[%clk 00:12:27]} {[%emt 00:00:29]} 27. Rxc4 {[%clk
00:13:40]} {[%emt 00:00:40]} Bb5 {[%clk 00:12:39]} {[%emt 00:00:16]} 28. b3
{[%clk 00:13:20]} {[%emt 00:00:51]} Bxc4+ {[%clk 00:13:02]} {[%emt 00:00:08]}
29. bxc4 {[%clk 00:13:40]} {[%emt 00:00:10]} Bxc3 {[%clk 00:13:21]} {[%emt
00:00:09]} 30. Ne4 {[%clk 00:13:44]} {[%emt 00:00:27]} Re8 {[%clk 00:13:21]}
{[%emt 00:00:29]} 31. Kf3 {[%clk 00:13:42]} {[%emt 00:00:32]} Be5 {[%clk
00:12:58]} {[%emt 00:00:50]} 32. f6 {[%clk 00:13:06]} {[%emt 00:01:11]} Rd8
{[%clk 00:12:23]} {[%emt 00:01:01]} 33. Nc5 {[%clk 00:12:49]} {[%emt 00:00:51]}
Rd4 {[%clk 00:12:22]} {[%emt 00:00:31]} 34. Ke3 {[%clk 00:12:08]} {[%emt
00:01:11]} Rxc4 {[%clk 00:12:12]} {[%emt 00:00:39]} 35. Ne4 {[%clk 00:12:09]}
{[%emt 00:00:29]} Ra4 {[%clk 00:12:05]} {[%emt 00:00:38]} 36. f4 {[%clk
00:11:39]} {[%emt 00:01:00]} Bb8 {[%clk 00:11:48]} {[%emt 00:00:43]} 37. Nc3
{[%clk 00:11:30]} {[%emt 00:00:43]} Ra3 {[%clk 00:12:08]} {[%emt 00:00:10]} 38.
Kd3 {[%clk 00:11:14]} {[%emt 00:00:45]} Bxf4 {[%clk 00:12:16]} {[%emt
00:00:23]} 39. Ke4 {[%clk 00:11:14]} {[%emt 00:00:29]} Rxc3 {[%clk 00:12:38]}
{[%emt 00:00:08]} 40. Kxf4 {[%clk 00:11:38]} {[%emt 00:00:06]} Rd3 {[%clk
00:12:51]} {[%emt 00:00:15]} 41. Kf5 {[%clk 00:11:43]} {[%emt 00:00:27]} c5
{[%clk 00:12:59]} {[%emt 00:00:22]} 42. Kg4 {[%clk 00:11:21]} {[%emt 00:00:52]}
c4 {[%clk 00:13:22]} {[%emt 00:00:08]} 43. Kh5 {[%clk 00:11:42]} {[%emt
00:00:08]} c3 {[%clk 00:13:28]} {[%emt 00:00:25]} 44. Kxh6 {[%clk 00:12:06]}
{[%emt 00:00:05]} c2 {[%clk 00:13:56]} {[%emt 00:00:02]} 45. Kg7 {[%clk
00:12:16]} {[%emt 00:00:21]} Rd7 {[%clk 00:14:11]} {[%emt 00:00:15]} 46. h4
{[%clk 00:12:32]} {[%emt 00:00:14]} c1=Q {[%emt 00:00:11]} 47. h5 {[%emt
00:00:08]} Qg5+ {[%clk 00:14:07]} {[%emt 00:00:10]} 48. Kf8 {[%clk 00:12:50]}
{[%emt 00:00:17]} Qxh5 {[%clk 00:13:28]} {[%emt 00:01:09]} 49. Kg7 {[%clk
00:13:00]} {[%emt 00:00:20]} Qg6+ {[%clk 00:13:16]} {[%emt 00:00:40]} 50. Kh8
{[%clk 00:12:59]} {[%emt 00:00:32]} Rd8 {[%clk 00:13:36]} {[%emt 00:00:10]} 0-1